000 01430nam a2200325 a 4500
001 000038813
003 DO-SdBPM
005 20251010095415.0
007 ta
008 130425s2013 dr ad 001 0 spa d
020 _a9789945015065
040 _aDO-SdBNP
_bspa
_cBPMSU
_drda
082 4 _a304.87293
_bA644t 2013
_222
245 1 0 _aEl aporte de los trabajadores inmigrantes a la actitud económica en la República Dominicana :
_buna primera aproximación estudios complementarios a partir de la ENI-2012
_c
260 _a
_c
264 _aSanto Domingo :
_bUnión Europea ;
_bFondo de Población de las Naciones Unidas,
_c2013
300 _a35 páginas :
_bilustraciones, gráficos, tablas. ;
_c23 cm.
336 _atexto
_btxt
_2rdacontent
337 _asin mediación
_bn
_2rdamedia
338 _avolumen
_bnc
_2rdacarrier
505 0 _aPresentación 9 -- Introducción 11 -- Aspecto metodológicos y fuente de datos 14 -- Resultados 18 -- Conclusión 30 -- Referencias bibliográficas 32 -- Anexos 35.
520 _a
590 _aInventariado, 2025/VM
650 7 _aEmigración e inmigración
_xAspectos económicos
_zRepública Dominicana
_v
650 7 _aTrabajo y trabajadores
_xAspectos sociales
_zRepública Dominicana
650 7 _aTrabajadores extranjeros
_zRepública Dominicana
710 2 _aFondo de Población de la Naciones Unidas
910 _aVMateo. Control de calidad BPMSU
942 _2ddc
_cBK
999 _c15429
_d15429